000 01328nam a2200277 i 4500
001 18077
003 ES-MaACL
005 20250807210527.0
007 t|
008 010920s1876 sp |||| | spa d
080 _a616.891.2
080 _a37.04-055.2
100 1 _aPulido, Ángel,
_d1852-1932
_9149324
245 1 0 _aDiscursos leídos en la sesión inaugural de la Sociedad Ginecológica Española verificada el domingo 12 de noviembre de 1876 /
_cpor Ángel Pulido Fernández [sobre naturaleza y tratamiento del histerismo] y Francisco Javier de Castro [sobre la educación física y moral de la mujer].
260 _aMadrid :
_b[s.n.],
_c1876 (
_fImp. de A. Gómez Fuentenebro)
300 _a49 p. ;
_c25 cm.
505 8 _aContiene: [Memoria de Secretaría] / Ángel Pulido Fernández (p. 5-13) - ¿Cuál será la educación física y moral de la mujer más conforme a los altos destinos que la ha confiado la Providencia? / Francisco Javier de Castro (p. 18-49)
610 2 4 _aSociedad Ginecológica Española.
_96779
650 1 4 _aHisteria.
_913371
650 4 _aMujeres-
_xEducación
_912094
700 1 _aCastro y Pérez, Francisco Javier de.
_936978
710 2 _aSociedad Ginecológica Española.
_96779
852 _aES-MaACL
_jT-204-F-5
852 _aES-MaACL
_jT-843-F-2
999 _c18077
_d18077